000 01448nam a2200349 a 4500
001 00003812
003 DO-SdBNP
005 20180312092849.0
007 00003812
008 091117s2001 dr abc 000 0 spa d
020 _a8482614150
040 _aBPMSU
_bspa
_cBPMSU
092 _a372.84
_bR696r 2do. 2001
100 1 _aRodríguez, Federico
245 0 0 _aReligión 2 :
_b[educación básica] /
_cFederico Rodríguez ; dirección editorial Obdulia García de Escobar
246 1 3 _aReligión :
_bformación integral, humana y religiosa /
260 _aSanto Domingo :
_bSantillana,
_c2001.
300 _a63 p. :
_bil. ;
_c28 cm.
490 1 _aUmbral
505 _t ¿Cómo hablan los hermanos? --
_t¿Que hacemos cuando nos enfadamos? --
_t¿Cómo nos ayudamos? --
_t¿Cómo celebramos las fiestas? --
_t¿Qué hacemos el domingo? --
_t¿Quién es Jesús? --
_t¿Qué hizo Jesús? --
_t¿Como habla Jesus?
_t¿Dónde está Jesús? --
_t¿Qué celebramos en navidad?
650 4 _aRELIGIÓN
_xENSEÑANZA BÁSICA
650 4 _aRELIGIÓN
_xLIBROS DE TEXTOS
650 4 _aRELIGIÓN
_xEDUCACIÓN PRIMARIA
650 4 _aRELIGIÓN
_xESTUDIOS Y EJERCICIOS
650 4 _aEDUCACIÓN PRIMARIA
_zREPÚBLICA DOMINICANA
700 1 2 _aGarcía de Escobar, Obdulia,
_eed.
700 1 2 _aNúñez, Ruddy,
_eil.
830 0 _aUmbral
942 _2ddc
_cBK
945 _ainventariado, 2018 / dg
956 _aLOPEREZ
_b10
_c20160428
_lBPMSU
_h00041
999 _c9522
_d9522